1443 1581 1962 1365 1408 1439 1978 1621 1409 1705 1446 1685 1117 1019 1103 1433 1623 1618 1758 1173 1079 1535 1509 1447 1823 1742 1098 1144 1451 1399 1106 1102 1847 1312 1702 1769 1098 1839 1461 1525 1438 1552 1694 1752 1860 1700 1983 1694 1522 1433 1492 1005 1507 1198 1129 1250 1991 1102 1499 1830 1004 1324 1331 1817 1024 1076 1452 1107 1925 1927 1029 1620 1980 1705 1577 1838 1063 1568 1179 1247 1635 1721 1404 1045 1134 1383 1149 1183 1726 1608 1422 1884 1608 1880 1837 1991 1450 1558 1540 BCNSPRNW ULIB Ver.6.0+V

เปลี่ยนเป็นภาษาไทย

Change to English
 แสดงรายละเอียดบรรณานุกรม
  กลับหน้าหลัก

Brief Record : Get Marc (ISO 2709) : E-mail record : QR code < ปิดหน้าต่าง
LEADER : 00000nam 2200000uu 4500
001    13399111742
003     ULIB
008    110707s2550||||th 000 0 tha d
020    9789749475072
050  4 DC679^bช568ล 2550
100 0  ชินวร
245 10 ลอนดอน :^bคู่มือเดินทางท่องเที่ยว/^cชินวร
246 14 ลอนดอน :^bคู่มือท่องเที่ยวสกอตแลนด์ด้วยตัวเอง
250    พิมพ์ครั้งที่ 3
260    กรุงเทพฯ :^bวงกลม,^c2550
300    263 หน้า :^bภาพประกอบ, แผนที่ ;^c19 ซม.
651  7 ลอนดอน^xภูมิประเทศและการท่องเที่ยว
653    Open Your Eyes Project
945    ^p195^l0^i025135
995    ทศพร
999 ^a ใช้งานได้ทุกระบบ
รายการนี้ยังไม่มีแท็ก
คุณยังไม่ได้ล็อกอิน คุณสามารถมีกิจกรรมร่วมกับเว็บไซต์ได้ แต่ต้องล็อกอินก่อน ::
  ล็อกอิน

รายการสื่อสารสนเทศ

ลำดับที่ ประเภท เลขเรียก/บาร์โค้ด สถานที่ สถานะ
- ไม่พบข้อมูล -

รายการใกล้เคียง
    ผู้แต่ง [ชินวร]

BibComment


ยังไม่เคยถูกคอมเมนท์

คอมเมนท์ทรัพยากรรายการนี้
  คอมเมนท์: ลอนดอน คู่มือเดิ..


 Copyright 2026. Bcnsprnw @Library